| 000 | 00523aam a2200205 4500 | ||
|---|---|---|---|
| 005 | 20160905120208.0 | ||
| 008 | 150731b xxu||||| |||| 00| 0 spa d | ||
| 041 | _aEspañol | ||
| 082 | _a617.695 C886m | ||
| 100 |
_aCraig, Robert _918077 |
||
| 100 |
_aO'brien, William _918078 |
||
| 100 |
_aPowers, John _918079 |
||
| 245 | _aMateriales dentales: propiedades y manipulación | ||
| 260 | _aEspaña | ||
| 260 | _bMosby | ||
| 260 | _c1996 | ||
| 300 | _a294 páginas | ||
| 650 |
_aMATERIALES DENTALES _93183 |
||
| 942 | _cBK | ||
| 999 |
_c503 _d503 |
||